| 000 | 00634cab a22002055a 4500 | ||
|---|---|---|---|
| 001 | L159985 | ||
| 008 | 150113e2016 xxk 000 0 eng d | ||
| 035 | _a(Sirsi) u159985 | ||
| 041 | 0 | _aeng | |
| 050 | _218 | ||
| 100 | 1 | _aPender, Robyn | |
| 245 | 0 | 2 | _aA question of physics |
| 260 |
_aLondon _bRICS _c2016 |
||
| 490 |
_aRICS Building Surveying Journal _vOctober 2016 - November 2016, 18(1) |
||
| 520 | _aDiscusses problems posed by using waterproof coatings to protect traditional buildings. | ||
| 650 | 2 | 4 | _aWATERPROOF COATING |
| 650 | 2 | 4 | _aMOISTURE PENETRATION |
| 690 | _aBUILT ENVIRONMENT-BUILDING PATHOLOGY | ||
| 942 | _n0 | ||
| 999 |
_c85102 _d85102 |
||